000 01853nam a2200277Ia 4500
999 _c53494
_d53494
001 20540
003 GE_BSU
005 20210120234141.0
008 181216s2016||||ge |||||||||||||| || ||
020 _a9789941457654
040 _cGE_BSU
041 _ageo
080 _a378(479.22) ლ-46
100 _aლეჟავა, დიანა
_910066
245 _aბოლონიის პროცესის შეფასება საქართველოში :
_bძირითადი მიღწევები და გამოწვევები /
_cდიანა ლეჟავა, მარიამ ამაშუკელი ; სამეცნიერო რედაქტორი ლია წულაძე ; ენობრივი რედაქტორი ლალი ქადაგიძე.
264 _aთბილისი :
_bსოციალურ მეცნიერებათა ცენტრი,
_c2016.
300 _a178 გვ. ;
_c20 სმ.
520 _aგამოცემულია ფონდ ”ღია საზოგადოება - საქართველოს” ფინანსური მხარდაჭერით
653 _aგანათლება
653 _aბოლონიის პროცესის შეფასება საქართველოში
653 _aძირითადი მიღწევები და გამოწვევები
700 _aამაშუკელი, მარიამ
_eავტორი
_910067
700 _a წულაძე, ლია
_eსამეცნიერო რედაქტორი
_910068
700 _aქადაგიძე, ლალი
_eენობრივი რედაქტორი
_q
_910069
942 _cBK
_2udc